| 000 | 00838nam a22002537a 4500 | ||
|---|---|---|---|
| 003 | EG-ScBUE | ||
| 005 | 20221211103543.0 | ||
| 008 | 150329t2013 gw o f 001 0 eng d | ||
| 020 | _a9783836538992 | ||
| 040 |
_aEG-ScBUE _beng _erda _cEG-ScBUE _dEG-ScBUE |
||
| 082 | 0 | 4 |
_222 _a724.7 _bJOD |
| 100 | 1 |
_aJodidio, Philip, _eauthor. _937521 |
|
| 245 | 1 | 0 |
_aArchitecture now ! 9 / _cPhilip Jodidio. |
| 246 | 3 | _aArchitecture now ! nine | |
| 264 | 1 |
_aCologne : _bTaschen GMBH, _c[2013] |
|
| 264 | 4 | _cc2013 | |
| 300 |
_a480 pages : _bphotographs ; _c28 cm |
||
| 500 | _aIncludes index. | ||
| 650 | 7 |
_aArchitecture, Modern _y21st century _vPictorial works. _2BUEsh _937522 |
|
| 650 | 7 |
_aArchitecture, Modern _y21st century _vDesigns and plans. _2BUEsh _937528 |
|
| 653 |
_bENGARC _cMarch2015 |
||
| 655 | _vReading book | ||
| 942 |
_2ddc _k724.7 JOD _cBB |
||
| 999 |
_c19131 _d19103 |
||